Family Guy Film Parodies Quiz Stats

Quiz Updated Jul 24, 2012

Challenge
Share
Tweet
Score 0/24 Timer 08:00
7 Plays Today
Number Movie Title % Correct
8Beauty and the Beast
88.4%
18Willy Wonka & the Chocolate Factory
85.8%
13Cast Away
81.4%
1Star Wars Episode VI: Return of the Jedi
72.3%
14The Shining
68.6%
7The Goonies
59.8%
4The Shawshank Redemption
57.2%
16Pretty Woman
56.7%
19Poltergeist
55.7%
3Rocky III
53.3%
20Sixteen Candles
50.5%
6North By Northwest
39.4%
Number Movie Title % Correct
2Office Space
39.2%
17The Sound of Music
35.4%
22Raiders of the Lost Ark
29.5%
11Flash Gordon
29.3%
23Dazed and Confused
27.2%
10Full Metal Jacket
20.1%
15Caddyshack
19%
21Animal House
18.5%
12Blazing Saddles
12.3%
24The Music Man
9.4%
5Better Off Dead...
6.9%
9Anchors Aweigh
4.8%

You're not logged in!

Compare scores with friends on all Sporcle quizzes.
Join for Free
OR
Log In

You Might Also Like...

Show Comments

Extras

Top Quizzes Today


Score Distribution

Your Account Isn't Verified!

In order to create a playlist on Sporcle, you need to verify the email address you used during registration. Go to your Sporcle Settings to finish the process.

Report this User

Report this user for behavior that violates our Community Guidelines.

Details: